Tomándole el pulso al género: Sistemas de monitoreo y evaluación sensibles a género /

Presenta los lineamientos básicos para diseñar un sistema de evaluación y monitoreo que evidencia las inequidades de género

שמור ב:
מידע ביבליוגרפי
מחבר ראשי: Rodríguez, Guiselle
מחברים אחרים: Meléndez, Narda Velázquez, Emma Fuentes, María Alicia
פורמט: Texto
יצא לאור: San José: Fundación Arias para la Paz y el Progreso Humano. Unión Mundial para la Naturaleza
נושאים:
תגים: הוספת תג
אין תגיות, היה/י הראשונ/ה לתייג את הרשומה!

MARC

LEADER 00000 a a2200000 04500
001 30873
003
040
020 |a 9968-786-15-2  
090 |a 196900  
100 |a Rodríguez, Guiselle  
245 |a Tomándole el pulso al género: Sistemas de monitoreo y evaluación sensibles a género /  |c Guiselle Rodríguez  
260 |a San José:   |b Fundación Arias para la Paz y el Progreso Humano. Unión Mundial para la Naturaleza  
300 |a 48 p.  
520 |a Presenta los lineamientos básicos para diseñar un sistema de evaluación y monitoreo que evidencia las inequidades de género  
650 |a GENERO  
650 |a IGUALDAD DE GENERO  
650 |a EJECUCION DE PROYECTOS  
650 |a EVALUACION DE PROGRAMAS  
650 |a EVALUACION PRELIMINAR DE PROYECTOS  
650 |a TECNICAS DE EVALUACION  
700 |a Meléndez, Narda   |a Velázquez, Emma   |a Fuentes, María Alicia  
999 |c 8130  |d 8130